Acta Universitatis Szegediensis Sectio Philologica Tomus XIV.

Elmentve itt :
Bibliográfiai részletek
Dokumentumtípus: Folyóirat
Megjelent: 1942
Sorozat:Acta Universitatis Szegediensis : sectio philologica 14
Kulcsszavak:Nyelvemlék - magyar - 12. sz., Magyar nyelvtörténet - 12. sz.
Online Access:http://acta.bibl.u-szeged.hu/38235
LEADER 00606nas a2200157 i 4500
001 acta38235
005 20210915112033.0
008 161201s1942 hu o 0|| hun d
040 |a SZTE Egyetemi Kiadványok Repozitórium  |b hun 
041 |a hun 
245 0 0 |a Acta Universitatis Szegediensis Sectio Philologica Tomus XIV.  |h [elektronikus dokumentum] 
260 |c 1942 
300 |a 111 
490 0 |a Acta Universitatis Szegediensis : sectio philologica  |v 14 
695 |a Nyelvemlék - magyar - 12. sz., Magyar nyelvtörténet - 12. sz. 
856 4 0 |u http://acta.bibl.u-szeged.hu/38235/1/philologica_014.pdf  |z Dokumentum-elérés